Historiettes et récits du foyer / (Record no. 48747)

MARC details
000 -LEADER
campo de control de longitud fija 00591nam a22001935i 4500
001 - NÚMERO DE CONTROL
campo de control 48747
003 - IDENTIFICADOR DE NÚMERO DE CONTROL
campo de control ES-MaACL
005 - FECHA Y HORA DE LA ÚLTIMA TRANSACCIÓN
campo de control 20250722094001.0
007 - CAMPO FIJO DE DESCRIPCIÓN FÍSICA--INFORMACIÓN GENERAL
campo de control de longitud fija t|
008 - DATOS DE LONGITUD FIJA--INFORMACIÓN GENERAL
campo de control de longitud fija 950727s1862 fr ||||1| fre d
080 ## - NÚMERO DE LA CLASIFICACIÓN DECIMAL UNIVERSAL
Número de la Clasificación Decimal Universal 821.111-31"18"
100 1# - ENTRADA PRINCIPAL--NOMBRE DE PERSONA
Nombre de persona Dickens, Charles.
9 (RLIN) 44489
245 10 - MENCIÓN DEL TÍTULO
Título Historiettes et récits du foyer /
Mención de responsabilidad, etc. par Charles Dickens ; traduction de Amédée Pichot.
260 ## - PUBLICACIÓN, DISTRIBUCIÓN, ETC.
Lugar de publicación, distribución, etc. Paris :
Nombre del editor, distribuidor, etc. Michel Lévy Frères,
Fecha de publicación, distribución, etc. 1862 (
Fabricante Pillet)
300 ## - DESCRIPCIÓN FÍSICA
Extensión [6], 276 p. ;
Dimensiones 18 cm.
700 1# - ENTRADA AGREGADA--NOMBRE PERSONAL
Nombre de persona Pichot, Amédée,
Fechas asociadas al nombre 1795-1877
9 (RLIN) 91840
852 4# - LOCALIZACIÓN
Ubicación ES-MaACL
Número de control de estantería F-11052
Holdings
Estatus retirado Estado de pérdida Estado de daño No para préstamo Colección Biblioteca de origen Biblioteca actual Ubicación en estantería Fecha de adquisición Fuente de adquisición Total de préstamos Signatura topográfica completa Código de barras Visto por última vez Precio de reemplazo Tipo de ítem Koha
        Libros del s. XIX Biblioteca del Ateneo de Madrid Biblioteca del Ateneo de Madrid Sala Pecera Planta 2 17/01/2008     F-11052 1051300 23/02/2023 23/02/2023 Libro impreso antiguo